Score 0/30 Timer 05:00
0 Plays Today
% Correct
Black Beauty
95.2%
Tigger
92.1%
Piglet
91%
Babe
90.1%
Shere Khan
87%
The Big Bad ____
85.2%
White Fang
84.5%
Babar
83.4%
Hedwig
82.6%
Horton
81%
Wilbur
78.5%
Hobbes
68%
Napoleon
66.9%
Shadowfax
61.5%
Archimedes
59.6%
% Correct
Glimfeather
56.6%
Ghost
54.5%
Errol
52.9%
Akela
48.9%
Gunpowder
47.2%
Richard Parker
46.6%
Tantor
46.3%
Elmer
44.1%
Hathi
43.6%
Boxer
43.5%
Pilgrim
32.3%
Maugrim
30%
Tawky Tawny
26.2%
Hen-Wen
19.1%
Soren
17.7%
Remove Ads.
Support Sporcle.
Get the best of Sporcle when you Go Orange. This ad-free experience offers more features, more stats, and more fun while also helping to support Sporcle. Thank you for becoming a member.

You're not logged in!

Compare scores with friends on all Sporcle quizzes.
OR
Log In

Sporcle TV

Today on Sporcle TV


Watch our educational content, quiz creation guides, and fun videos on Sporcle TV.

Show Comments

Extras

Top Quizzes Today


Score Distribution

Paid Content

Your Account Isn't Verified!

In order to create a playlist on Sporcle, you need to verify the email address you used during registration. Go to your Sporcle Settings to finish the process.

Report this User

Report this user for behavior that violates our Community Guidelines.

Details: